|
|
|
|
| LEADER |
00000nam a2200000 4500 |
| 001 |
vtls012276422 |
| 003 |
SK-MaSNL |
| 005 |
20260426004001.0 |
| 007 |
co cg auuua |
| 008 |
250515s2024 xo da fsn 000 0 slo |
| 020 |
|
|
|a 9788081655746
|q (elektronická kniha)
|
| 040 |
|
|
|a SNK
|b slo
|c SNK
|e rda
|
| 041 |
0 |
|
|a slo
|
| 043 |
|
|
|a e-xo---
|a e------
|
| 044 |
|
|
|a xo
|c SK
|
| 072 |
|
7 |
|a 343
|x Trestné právo
|2 konspekt
|
| 080 |
|
|
|a 343.37
|2 2011
|
| 080 |
|
|
|a 657
|2 2011
|
| 080 |
|
|
|a (4)
|2 2011
|
| 080 |
|
|
|a (0.034.2)
|2 2011
|
| 080 |
|
|
|a (0.034.44)
|2 2011
|
| 080 |
|
|
|a 343.3/.7
|2 2011
|
| 080 |
|
|
|a (437.6)
|2 2011
|
| 080 |
|
|
|a (048.8)
|2 2011
|
| 080 |
|
|
|a 658.114
|2 2011
|
| 080 |
|
|
|a 343.721
|2 2011
|
| 100 |
1 |
|
|a Jusková, Mária,
|d 1960-
|4 aut
|9 261793
|
| 245 |
1 |
0 |
|a Účtovné a daňové podvody v biznise a možnosti eliminácie nekalého podnikania
|c Mária Jusková, Mária Matijová, Marta Miškufová
|
| 250 |
|
|
|a Prvé vydanie
|
| 264 |
|
1 |
|a Prešov
|b Bookman, s.r.o.
|c 2024
|
| 300 |
|
|
|a 1 CD-ROM
|c 12 cm
|
| 336 |
|
|
|a text
|b txt
|2 rdacontent
|
| 337 |
|
|
|a počítač
|b c
|2 rdamedia
|
| 338 |
|
|
|a počítačový disk
|b cd
|2 rdacarrier
|
| 347 |
|
|
|a textový súbor
|b PDF
|c 2,15 MB
|2 rda
|
| 366 |
|
|
|e 250 kusov
|
| 500 |
|
|
|a Názov z titulnej obrazovky
|
| 500 |
|
|
|a Obsahuje zoznam obrázkov a tabuliek ; zoznam skratiek a značiek
|
| 504 |
|
|
|a Obsahuje bibliografiu
|
| 650 |
0 |
7 |
|a daňové delikty
|2 SNKPH
|9 625347
|
| 650 |
0 |
7 |
|a hospodárske trestné činy
|2 SNKPH
|9 2227
|
| 650 |
0 |
7 |
|a účtovníctvo
|2 SNKPH
|9 649
|
| 650 |
0 |
7 |
|a podnikanie
|2 SNKPH
|9 1757
|
| 650 |
0 |
7 |
|a podvody
|2 SNKPH
|9 28896
|
| 650 |
0 |
7 |
|a ekonomická kriminalita
|2 SNKPH
|9 4565
|
| 650 |
0 |
7 |
|a Offences against the national economy
|2 SNKPHeng
|9 340571
|
| 650 |
0 |
7 |
|a Accounting
|2 SNKPHeng
|9 266872
|
| 650 |
0 |
7 |
|a Business
|2 SNKPHeng
|9 268171
|
| 650 |
0 |
7 |
|a Impostures
|2 SNKPHeng
|9 333349
|
| 650 |
0 |
7 |
|a Commercial crime
|2 SNKPHeng
|9 442424
|
| 651 |
|
7 |
|a Slovensko
|2 SNKPHgeo
|9 14231
|
| 651 |
|
7 |
|a Slovakia
|2 SNKPHeng
|9 92630
|
| 651 |
|
7 |
|a Európa
|2 SNKPHgeo
|9 167569
|
| 651 |
|
7 |
|a Europe
|2 SNKPHeng
|9 56249
|
| 655 |
|
7 |
|a monografie
|2 SNKPH
|9 70139
|
| 655 |
|
7 |
|a CD-ROM
|2 SNKPH
|9 70236
|
| 655 |
|
7 |
|a elektronické zdroje
|2 SNKPH
|9 90954
|
| 655 |
|
7 |
|a Monographs
|2 SNKPHeng
|9 120675
|
| 655 |
|
7 |
|a Electronic resources
|2 SNKPHeng
|9 175546
|
| 700 |
1 |
|
|a Matijová, Mária,
|d 1970-
|4 aut
|9 242925
|
| 700 |
1 |
|
|a Miškufová, Marta,
|d 1994-
|4 aut
|9 240719
|
| 700 |
1 |
|
|a Leščišin, Jozef,
|d 1936-
|4 rev
|9 249230
|
| 700 |
1 |
|
|a Maťovčíková, Daniela,
|d 1972-
|4 rev
|9 198496
|
| 919 |
|
|
|a 978-80-8165-574-6
|
| 958 |
|
|
|a NB
|
| 999 |
|
|
|c 960583
|d 962513
|
| 952 |
|
|
|a SNK
|b SNK
|y NEVYP
|7 1
|p 17A1581884
|o snkSCDM 13956
|i snk2025/17772
|8 0
|0 0
|1 0
|4 0
|d 2025-11-06
|l 0
|r 2026-02-24 10:17:35
|w 2026-02-24
|